<?xml version="1.0" encoding="UTF-8"?>
<collection xmlns:xsi="http://www.w3.org/2001/XMLSchema-instance" xsi:schemaLocation="http://www.loc.gov/MARC21/slim http://www.loc.gov/standards/marcxml/schema/MARC21slim.xsd" xmlns="http://www.loc.gov/MARC21/slim">
 <record>
  <leader>00000cem a22000003a 4500</leader>
  <controlfield tag="001">UP-1685594773861907054</controlfield>
  <controlfield tag="003">Buklod</controlfield>
  <controlfield tag="005">20130204135613.0</controlfield>
  <controlfield tag="006">g||| |     ||   ||</controlfield>
  <controlfield tag="007">ta</controlfield>
  <controlfield tag="008">130204s1984    xx     d|||||| |  || | ||</controlfield>
  <datafield tag="035" ind1=" " ind2=" ">
   <subfield code="a">(iLib)UPBAG-00009830320</subfield>
  </datafield>
  <datafield tag="090" ind1=" " ind2=" ">
   <subfield code="a">G 7960</subfield>
   <subfield code="b">N37 1984</subfield>
  </datafield>
  <datafield tag="110" ind1="1" ind2=" ">
   <subfield code="a">National Geographic Society (United States).</subfield>
   <subfield code="b">Cartographic Division.</subfield>
  </datafield>
  <datafield tag="245" ind1="1" ind2="0">
   <subfield code="a">Japan [cartographic material]</subfield>
   <subfield code="c">produced by the Cartographic Division, National Geographic Society [for the] National Geographic Magazine, Gilbert M. Grosvenor, president ; Wilbur E. Garrett, editor ; John B. Garver, Jr., chief cartographer ; John F. Shupe, associate chief.</subfield>
  </datafield>
  <datafield tag="255" ind1=" " ind2=" ">
   <subfield code="a">Scale 1:2,982,000. 1 cm. = 30 km. 1 in. = 47 miles</subfield>
   <subfield code="b">Polyconic proj.</subfield>
   <subfield code="c">(E 126°--E 152°/N 46°--N 28°).</subfield>
  </datafield>
  <datafield tag="264" ind1=" " ind2="1">
   <subfield code="a">Washington, D.C.</subfield>
   <subfield code="b">The Society</subfield>
   <subfield code="c">c1984.</subfield>
  </datafield>
  <datafield tag="300" ind1=" " ind2=" ">
   <subfield code="a">1 map</subfield>
   <subfield code="b">col.</subfield>
   <subfield code="c">map on sheet 95 X 29 cm., folded to 24 X 15 cm.</subfield>
  </datafield>
  <datafield tag="500" ind1=" " ind2=" ">
   <subfield code="a">&quot;June 1984.&quot;</subfield>
  </datafield>
  <datafield tag="500" ind1=" " ind2=" ">
   <subfield code="a">Scale 1:2,982,000. 1 cm. = 30 km. 1 in. = 47 miles ; Polyconic proj. (E 126°--E 152°/N 46°--N 28°).</subfield>
  </datafield>
  <datafield tag="500" ind1=" " ind2=" ">
   <subfield code="a">Relief shown by shading and spot heights. Depths shown by gradient tints and contours.</subfield>
  </datafield>
  <datafield tag="500" ind1=" " ind2=" ">
   <subfield code="a">&quot;Supplement to the National Geographic, June 1984, page 750A, vol. 165, no. 6 - Japan.&quot;</subfield>
  </datafield>
  <datafield tag="500" ind1=" " ind2=" ">
   <subfield code="a">Includes inset of &quot;Japanese possessions,&quot; list of prefectures of Japan with capitals, list of Japanese geographical terms, and descriptions of historical events.</subfield>
  </datafield>
  <datafield tag="500" ind1=" " ind2=" ">
   <subfield code="a">Text of &quot;Historical Japan,&quot; colored illustrated.</subfield>
  </datafield>
  <datafield tag="500" ind1=" " ind2=" ">
   <subfield code="a">Maps on verso: 30,000 B.C.-A.D. 552: Stone age and Archaic Japan -- 552-710: Birth of a central state -- 710-1185: Age of the courtiers -- 1185-1868: Medieval and feudal Japan -- Modern Japan to 1945.</subfield>
  </datafield>
  <datafield tag="650" ind1=" " ind2="0">
   <subfield code="a">Japan</subfield>
   <subfield code="v">Maps.</subfield>
  </datafield>
  <datafield tag="650" ind1=" " ind2="0">
   <subfield code="a">Japan</subfield>
   <subfield code="x">History</subfield>
   <subfield code="v">Maps.</subfield>
  </datafield>
  <datafield tag="700" ind1="1" ind2=" ">
   <subfield code="a">Grosvenor, Gilbert M.</subfield>
  </datafield>
  <datafield tag="700" ind1="1" ind2=" ">
   <subfield code="a">Garrett, Wilbur E.</subfield>
  </datafield>
  <datafield tag="700" ind1="1" ind2=" ">
   <subfield code="a">Garver, John B., Jr.</subfield>
  </datafield>
  <datafield tag="852" ind1="0" ind2=" ">
   <subfield code="a">UPBAG</subfield>
   <subfield code="b">UPBAG-MAIN</subfield>
   <subfield code="h">G 7960 N37 1984</subfield>
  </datafield>
  <datafield tag="942" ind1=" " ind2=" ">
   <subfield code="a">Map</subfield>
  </datafield>
 </record>
</collection>
